|
|
|
|
| LEADER |
00000nab a2200000 a 4500 |
| 001 |
vtls009336935 |
| 003 |
SK-MaSNL |
| 005 |
20260303182900.0 |
| 008 |
080922 2008 xo e 000 0 slo |
| 038 |
|
|
|a NRKKK
|
| 040 |
|
|
|a NRKKK
|b slo
|c NRKKK
|e AACR2
|
| 041 |
0 |
|
|a slo
|
| 044 |
|
|
|a xo
|c SK
|
| 080 |
|
|
|a 902.2
|2 2001
|
| 100 |
1 |
|
|a Dóriová, Eva
|4 aut
|9 270820
|
| 245 |
1 |
0 |
|a Výskum významného náleziska pokračuje
|c Eva Dóriová
|
| 300 |
|
|
|b Fotogr.
|
| 650 |
0 |
7 |
|a archeologické výskumy
|2 snkbucl
|9 74796
|
| 651 |
|
7 |
|a Vráble (Slovensko)
|2 snkbucl
|9 16421
|
| 651 |
|
7 |
|a Žitavce (Slovensko)
|2 snkbucl
|9 90910
|
| 773 |
0 |
|
|t Naše Vráble
|g Roč. V., č. 18 (2008), s. 1
|
| 852 |
|
|
|a SNK
|b KIS3GCP
|
| 999 |
|
|
|c 2118513
|d 2120443
|